| 000 | 004370000a22001690004500 | ||
|---|---|---|---|
| 003 | MACL | ||
| 005 | 20151226163411.0 | ||
| 008 | 151226b xxu||||| |||| 00| 0 eng d | ||
| 040 |
_aMACL _cMACL |
||
| 041 | _aEnglish | ||
| 082 | _a403/WIL | ||
| 100 |
_aWilliams, Dr Sir M Monier _922982 |
||
| 245 | _aA Dictionary English and Sanskrit | ||
| 260 |
_bMotilal Banarsidass _c1956 |
||
| 650 |
_aDictionary _922983 |
||
| 942 |
_cBK _k403/WIL _2ddc |
||
| 999 |
_c39728 _d39728 |
||